The Land of TOYS / (Record no. 193802)
[ view plain ]
| 000 -LEADER | |
|---|---|
| fixed length control field | 01956nam a2200421 ia4500 |
| 003 - CONTROL NUMBER IDENTIFIER | |
| control field | OSt |
| 005 - DATE AND TIME OF LATEST TRANSACTION | |
| control field | 20231130103145.0 |
| 008 - FIXED-LENGTH DATA ELEMENTS--GENERAL INFORMATION | |
| fixed length control field | 231128s2021 enka j 000 1 eng d |
| 020 ## - INTERNATIONAL STANDARD BOOK NUMBER | |
| International Standard Book Number | 9781444959901 |
| Terms of availability | RM18.90 |
| Qualifying information | paperback |
| 040 ## - CATALOGING SOURCE | |
| Original cataloging agency | PPAK |
| Language of cataloging | eng |
| Transcribing agency | PPAK |
| Description conventions | rda |
| 082 04 - DEWEY DECIMAL CLASSIFICATION NUMBER | |
| Edition number | 23 |
| Classification number | 823.912 |
| 090 00 - LOCALLY ASSIGNED LC-TYPE CALL NUMBER (OCLC); LOCAL CALL NUMBER (RLIN) | |
| Classification number (OCLC) (R) ; Classification number, CALL (RLIN) (NR) | 823.912 |
| Feature heading | BLY |
| Feature heading | K |
| 100 1# - MAIN ENTRY--PERSONAL NAME | |
| Personal name | Blyton, Enid, |
| Dates associated with a name | 1898?-1968. |
| Relator term | author. |
| 245 10 - TITLE STATEMENT | |
| Title | The Land of TOYS / |
| Statement of responsibility, etc. | Enid Blyton ; illustrated by Alex Paterson |
| 264 #1 - PRODUCTION, PUBLICATION, DISTRIBUTION, MANUFACTURE, AND COPYRIGHT NOTICE | |
| Place of production, publication, distribution, manufacture | London : |
| Name of producer, publisher, distributor, manufacturer | Hodder's Children's Books, |
| Date of production, publication, distribution, manufacture, or copyright notice | 2021 |
| 300 ## - PHYSICAL DESCRIPTION | |
| Extent | 73 pages : |
| Other physical details | colour illustrations ; |
| Dimensions | 20 cm |
| 336 ## - CONTENT TYPE | |
| Content type term | text |
| Source | rdacontent |
| 337 ## - MEDIA TYPE | |
| Media type term | unmediated |
| Source | rdamedia |
| 338 ## - CARRIER TYPE | |
| Carrier type term | volume |
| Source | rdacarrier |
| 490 1# - SERIES STATEMENT | |
| Series statement | A RARAWAY TREE ADVENTURE |
| 500 ## - GENERAL NOTE | |
| General note | "A colour short story illustrated by Alex Paterson" -- Cover. |
| General note | Text first published in Great Britain as chapters 13-15 of The Magic Faraway Tree in 1943. |
| General note | First published as A Faraway Tree adventure: The Land of Toys in 2017 by Egmont UK Limited. |
| General note | "A Faraway Tree adventure" -- Cover. |
| General note | "A colour short story illustrated by Alex Paterson" -- Cover. |
| 520 ## - SUMMARY, ETC. | |
| Summary, etc. | <br/>Joe, Beth, Frannie and cousin Rick go up the Faraway Tree for another fantastical adventure! This time, they reach the Land of Toys, where teddy bears, dolls and clockwork toys run around all day long. Poor Saucepan-Man gets thrown in prison by some toy soldiers and the children must rescue him before it's too late... |
| 521 2# - TARGET AUDIENCE NOTE | |
| Target audience note | Primary. |
| 650 10 - SUBJECT ADDED ENTRY--TOPICAL TERM | |
| Topical term or geographic name entry element | Magic |
| Form subdivision | Juvenile fiction |
| Topical term or geographic name entry element | Imaginary places |
| Form subdivision | Juvenile fiction |
| Topical term or geographic name entry element | Friendship |
| Form subdivision | Juvenile fiction |
| Topical term or geographic name entry element | Schools |
| Form subdivision | Juvenile fiction |
| 655 #7 - INDEX TERM--GENRE/FORM | |
| Genre/form data or focus term | Children's stories |
| Genre/form data or focus term | Fantasy fiction |
| 700 1# - ADDED ENTRY--PERSONAL NAME | |
| Personal name | Paterson, Alex, |
| Fuller form of name | (Alex R. J.), |
| Relator term | illustrator. |
| Relationship information | Contained in (work): |
| Personal name | Blyton, Enid. |
| Title of a work | Magic Faraway Tree. |
| 830 #0 - SERIES ADDED ENTRY--UNIFORM TITLE | |
| Uniform title | A faraway tree adventure |
| 942 ## - ADDED ENTRY ELEMENTS (KOHA) | |
| Source of classification or shelving scheme | Dewey Decimal Classification |
| Koha item type | Book |
| Withdrawn | Not for loan | Current library | Shelving location | Date acquired | Total Checkouts | Total Renewals | Full call number | Barcode | Date last seen | Date last checked out | Koha item type | Checked out |
|---|---|---|---|---|---|---|---|---|---|---|---|---|
| Perpustakaan Alor Setar | Pinjaman Kanak-kanak | 18/12/2023 | 13 | 4 | K 823.912 BLY | A01805625 | 16/03/2026 | 04/02/2026 | Book | |||
| Perpustakaan Awam Sungai Petani | Pinjaman Kanak-kanak | 18/12/2023 | 3 | K 823.912 BLY | A01805626 | 30/04/2025 | 07/04/2025 | Book | ||||
| Perpustakaan Jitra | Pinjaman Kanak-kanak | 18/12/2023 | 1 | K 823.912 BLY | A01805627 | 09/03/2024 | 24/02/2024 | Book | ||||
| Perpustakaan Kulim | Pinjaman Kanak-kanak | 18/12/2023 | 7 | K 823.912 BLY | A01805629 | 05/04/2026 | 05/04/2026 | Book | 26/04/2026 | |||
| Perpustakaan Langkawi | Pinjaman Kanak-kanak | 18/12/2023 | 1 | K 823.912 BLY | A01805628 | 03/07/2024 | 27/06/2024 | Book |